| 000 | 01828nam a2200289Ia 4500 | ||
|---|---|---|---|
| 001 | 98759 | ||
| 003 | IT-RoPAU | ||
| 008 | 130308s9999 xx 000 0 und d | ||
| 040 | _aIT-RoPAU | ||
| 040 | _cIT-RoPAU | ||
| 041 | _aITALIANO | ||
| 100 | _aLepri Sergio | ||
| 100 | _gCodice Aut. SPICS: 4686 | ||
| 245 | _aProfessione giornalista | ||
| 245 | _bProfessione Giornalista | ||
| 250 | _a1a ed. | ||
| 260 | _aMILANO | ||
| 260 | _bEtas Libri | ||
| 260 | _c1991 [1° Ed.:1991 - Ed.Ling.Originale:1991] | ||
| 300 | _a"192 p. (prefazione: no ; testo: 192 [pagine: 0-0])" | ||
| 500 | _aMestiere di Giornalista. Informazione e Società. che Cos'E' Il Giornalismo fonte dell'Informazione. Mediatori dell'Informazione. fruitori dell'informazione e l'universo dei Lettori. Concetto di Informazione. Operatore dell'Informazione. Trattamento concettuale dell'Informazione. gestione dell'Informazione. inizio della notizia e del Servizio. Titolazione. Dimensioni e impaginazione dell'Informazione. Generi Giornalistici. Lavoro di Desk. Attribuzione delle Informazioni. Archiviazione delle Informazioni. Informazione Fotografica. Complementi del testo . Trattamento Linguistico dell'Informazione. Linguaggio Come Storia. Meccanismi della Comprensione. Linguaggio dell'Informazione. norme per una Corretta Scrittura. morfologia e Sintassi. Struttura del testo . forme di Scrittura. Lessico. Numeri e Quantità Numeriche. Abbreviazioni. Punteggiatura. Informazione radiofonica e Televisiva. Comunicazione Fonico Acustica. caratteristiche dell'Utenza. Tecniche della Fruizione. Scrittura e Lettura dei Testi Radiotelevisivi. futuro dell'informazione radiofonica e Televisiva. Nota Bibliografica | ||
| 650 | _aLINGUAGGIO GIORNALISTICO | ||
| 650 | _eCodice materia Spics: 7054 | ||
| 942 | _cBK | ||
| 957 | _71 | ||
| 999 |
_c94800 _d94800 |
||
| 999 | _g1 | ||